书目信息 |
| 题名: |
文化设施的多用途开发
|
|
| 作者: | 斯内德科夫 著 ;梁学勇 , 杨小军 , 林璐 译 | |
| 分册: | ||
| 出版信息: | 北京 中国建筑工业出版社 2008.01 |
|
| 页数: | 366页 | |
| 开本: | 24cm | |
| 丛书名: | 国外建筑设计译丛 | |
| 单 册: | ||
| 中图分类: | TU242 | |
| 科图分类: | ||
| 主题词: | 文化建筑--建筑设计--研究 | |
| 电子资源: | ||
| ISBN: | 978-7-112-09339-7 | |
| 000 | 01290oam2 2200313 450 | |
| 001 | 0100004182 | |
| 005 | 20240510095541.35 | |
| 010 | @a978-7-112-09339-7@dCNY69.00 | |
| 100 | @a20080904d2008 em y0chiy50 ea | |
| 101 | 1 | @achi@ceng |
| 102 | @aCN@b110000 | |
| 105 | @aa z 000yy | |
| 200 | 1 | @a文化设施的多用途开发@Awen hua she shi de duo yong tu kai fa@f(美)哈罗德·R. 斯内德科夫(Harold R. Snedcof)著@g梁学勇,杨小军,林璐译 |
| 210 | @a北京@c中国建筑工业出版社@d2008.01 | |
| 215 | @a366页@c图@d24cm | |
| 225 | 2 | @a国外建筑设计译丛 |
| 305 | @a美国城市土地协会(ULI)授权翻译出版 | |
| 312 | @a封面英文题名:Cultural facilities in mixed-use development | |
| 330 | @a本书着重以案例研究的方式呈现给读者,框架规划成三个范畴,分别描述地产开发的不同类别,即多功能建筑、多功能开发区域,每个案例研究以相同的形式加以呈现。 | |
| 410 | 0 | @12001 @a国外建筑设计译丛 |
| 510 | 1 | @aCultural facilities in mixed-use development@zeng |
| 606 | 0 | @a文化建筑@x建筑设计@x研究 |
| 690 | @aTU242@v4 | |
| 701 | 0 | @c(美)@a斯内德科夫@Asi nei de ke fu@c(Snedcof, Harold R.)@4著 |
| 702 | 0 | @a梁学勇@c(建筑设计)@Aliang xue yong@4译 |
| 702 | 0 | @a杨小军@c(环境设计)@Ayang xiao jun@4译 |
| 702 | 0 | @a林璐@c(工业设计)@Alin lu@4译 |
| 801 | 0 | @aCN@b河南城建学院图书馆@c20160515 |
| 905 | @dTU242@eS709 | |
| 文化设施的多用途开发/(美)哈罗德·R. 斯内德科夫(Harold R. Snedcof)著/梁学勇,杨小军,林璐译.-北京:中国建筑工业出版社,2008.01 |
| 366页:图;24cm.-(国外建筑设计译丛) |
| ISBN 978-7-112-09339-7:CNY69.00 |
| 本书着重以案例研究的方式呈现给读者,框架规划成三个范畴,分别描述地产开发的不同类别,即多功能建筑、多功能开发区域,每个案例研究以相同的形式加以呈现。 |
| ● |
| 相关链接 |
|
|
|
正题名:文化设施的多用途开发
索取号:TU242/S709
 
预约/预借
| 序号 | 登录号 | 条形码 | 馆藏地/架位号 | 状态 | 备注 |
| 1 | 1283482 | 212834824 | 建筑库101/101建筑库 66排7列2层/ [索取号:TU242/S709] | 在馆 | |
| 2 | 1283483 | 212834833 | 建筑库101/101建筑库 66排7列2层/ [索取号:TU242/S709] | 在馆 | |
| 3 | 1283484 | 212834842 | 建筑库101/101建筑库 66排7列1层/ [索取号:TU242/S709] | 在馆 | |
| 4 | 1306739 | 213067394 | 建筑库101/101建筑库 66排7列2层/ [索取号:TU242/S709] | 在馆 | |
| 5 | 1306740 | 213067401 | 建筑库101/101建筑库 66排7列2层/ [索取号:TU242/S709] | 在馆 | |
| 6 | 1306741 | 213067410 | 建筑库101/101建筑库 66排7列1层/ [索取号:TU242/S709] | 在馆 | |
| 7 | 1306742 | 213067429 | 建筑库101/101建筑库 66排7列1层/ [索取号:TU242/S709] | 在馆 | |
| 8 | 1306743 | 213067438 | 建筑库101/101建筑库 66排7列1层/ [索取号:TU242/S709] | 在馆 | |
| 9 | 1306744 | 213067447 | 建筑库101/101建筑库 66排7列1层/ [索取号:TU242/S709] | 在馆 | |
| 10 | 1551619 | 215516190 | 建筑库101/101建筑库 66排7列1层/ [索取号:TU242/S709] | 在馆 | |
| 11 | 1551620 | 215516207 | 建筑库101/101建筑库 66排7列1层/ [索取号:TU242/S709] | 在馆 | |
| 12 | 1551621 | 215516216 | 建筑库101/101建筑库 66排7列1层/ [索取号:TU242/S709] | 在馆 | |
| 13 | 1551622 | 215516225 | 建筑库101/101建筑库 66排7列1层/ [索取号:TU242/S709] | 在馆 | |
| 14 | 1551623 | 215516234 | 建筑库101/101建筑库 66排7列1层/ [索取号:TU242/S709] | 在馆 | |
| 15 | 1551624 | 215516243 | 建筑库101/101建筑库 66排7列1层/ [索取号:TU242/S709] | 在馆 |